| 000 | 00788nam a2200217 i 4500 | ||
|---|---|---|---|
| 001 | bg | ||
| 100 | 1 | _aRZESZOTARSKI, Andrzej | |
| 245 | 0 |
_aTrwałość i użytkowalność wybranych budowli rolniczych / _cAndrzej Rzeszotarski. |
|
| 260 |
_aSzczecin : _bWydaw. Uczelniane PS, _c1991. |
||
| 300 |
_a219 s. : _bfot., rys., wykr. ; _c24 cm. |
||
| 490 | 1 |
_aPrace Naukowe Politechniki Szczecińskiej. Instytut Inżynierii Lądowej, _v26 |
|
| 500 | _aSer. gł. : 0208-7146 ; 433. | ||
| 504 | _aBibliogr. s. 202-215. | ||
| 710 | _aPOLITECHNIKA SZCZECIŃSKA (Szczecin) | ||
| 830 | 0 |
_aPrace Naukowe Politechniki Szczecińskiej. _pInstytut Inżynierii Lądowej ; _v26 |
|
| 040 | _cBPK | ||
| 041 | _apol | ||
| 080 | _a631.2:642.954 | ||
| 942 | _cKS | ||
| 008 | s pl f |000 0 pol | ||
| 999 |
_c30043 _d30043 |
||
| 856 |
_uhttp://koha.tu.koszalin.pl/cgi-bin/koha/opac-detail.pl?biblionumber=30043 _yKatalog online BPK |
||